[Event "23. Aberto Xadrez Albariño"]
[Site "Cambados ESP"]
[Date "2007.08.10"]
[Round "9.2"]
[White "Samolins, Vitalijs"]
[Black "Rusev, Krasimir"]
[Result "0-1"]
[WhiteElo "2319"]
[BlackElo "2443"]
[PlyCount "62"]
[EventDate "2007.08.02"]
[EventType "swiss"]
[EventRounds "9"]
[EventCountry "ESP"]
[Source "lmi"]
[SourceDate "2007.08.02"]

1. e4 c5 2. Nc3 Nc6 3. g3 g6 4. Bg2 Bg7 5. d3 d6 6. Be3 Rb8 7. a4 e6 8. f4 Nge7
9. Nf3 Nd4 10. O-O O-O 11. Bf2 e5 12. Qd2 b6 13. Rae1 f6 14. Nh4 Be6 15. Nd5
Nxd5 16. exd5 Bd7 17. b4 Qc8 18. c3 Nf5 19. Nxf5 Bxf5 20. Ra1 a5 21. bxa5 bxa5
22. d4 cxd4 23. cxd4 exf4 24. Rfc1 Qd8 25. Qxf4 Re8 26. g4 Bc8 27. Rc6 Bf8 28.
Rf1 g5 29. Qf3 Rb2 30. h3 Bd7 31. Qd3 Qb8 0-1

[Event "23. Aberto Xadrez Albariño"]
[Site "Cambados ESP"]
[Date "2007.08.10"]
[Round "9.4"]
[White "Fernandez Losada, Daniel"]
[Black "Ivanov, Jordan"]
[Result "1/2-1/2"]
[WhiteElo "2158"]
[BlackElo "2382"]
[PlyCount "95"]
[EventDate "2007.08.02"]
[EventType "swiss"]
[EventRounds "9"]
[EventCountry "ESP"]
[Source "lmi"]
[SourceDate "2007.08.02"]

1. e4 c5 2. Nf3 e6 3. d4 cxd4 4. Nxd4 Nc6 5. Nc3 Qc7 6. g3 a6 7. Bg2 Nf6 8. O-O
h6 9. Nb3 d6 10. a4 b6 11. f4 Rb8 12. Qe2 Bb7 13. Be3 Be7 14. g4 Nd7 15. Bf2 g5
16. Nd5 exd5 17. exd5 Nce5 18. fxe5 Nxe5 19. Bd4 Rc8 20. Nd2 O-O 21. c3 Rce8
22. Be4 Bd8 23. Rae1 Qd7 24. h3 Qxa4 25. b3 Qd7 26. Nc4 Ng6 27. Qd3 Rxe4 28.
Qxe4 Nf4 29. Ne3 Nxh3+ 30. Kh2 Nf4 31. Nf5 f6 32. Nxh6+ Kg7 33. Kg3 Bxd5 34.
Nf5+ Kg8 35. Qc2 Qh7 36. Rxf4 gxf4+ 37. Kxf4 Qh3 38. Qe2 Bf7 39. Ne7+ Bxe7 40.
Qxe7 Qh6+ 41. Kg3 Re8 42. Qxf6 Qxf6 43. Rxe8+ Bxe8 44. Bxf6 Bf7 45. b4 a5 46.
bxa5 bxa5 47. Be7 d5 48. Kf4 1/2-1/2

[Event "23. Aberto Xadrez Albariño"]
[Site "Cambados ESP"]
[Date "2007.08.10"]
[Round "9.6"]
[White "Garcia Castro, Pablo"]
[Black "Perez Fungueiro, Manuel Antonio"]
[Result "1-0"]
[WhiteElo "2405"]
[BlackElo "2234"]
[PlyCount "69"]
[EventDate "2007.08.02"]
[EventType "swiss"]
[EventRounds "9"]
[EventCountry "ESP"]
[Source "lmi"]
[SourceDate "2007.08.02"]

1. g3 c5 2. Bg2 g6 3. e4 Bg7 4. Nc3 Nc6 5. d3 d6 6. Nge2 e5 7. O-O Nge7 8. Bg5
f6 9. Be3 O-O 10. Rb1 a5 11. a4 Nd4 12. Bxd4 cxd4 13. Nb5 f5 14. c3 dxc3 15.
Nexc3 f4 16. d4 exd4 17. Nxd4 Kh8 18. Qd2 g5 19. Rfd1 Ra6 20. Rbc1 Rb6 21. Ncb5
Nc6 22. Nxc6 bxc6 23. Nxd6 Qf6 24. e5 Qe7 25. Nc4 Ra6 26. Nxa5 Qxe5 27. b4 f3
28. Bf1 g4 29. Nxc6 Qh5 30. Rc5 Qg6 31. Ne7 Qf7 32. Rxc8 Rxc8 33. Nxc8 Rh6 34.
Qd8+ Bf8 35. Nd6 1-0

[Event "23. Aberto Xadrez Albariño"]
[Site "Cambados ESP"]
[Date "2007.08.10"]
[Round "9.7"]
[White "Milchev, Nikolay"]
[Black "Peña Torres, Jose Carlos"]
[Result "1-0"]
[WhiteElo "2315"]
[BlackElo "2131"]
[PlyCount "80"]
[EventDate "2007.08.02"]
[EventType "swiss"]
[EventRounds "9"]
[EventCountry "ESP"]
[Source "lmi"]
[SourceDate "2007.08.02"]

1. Nf3 Nf6 2. c4 c5 3. Nc3 Nc6 4. g3 g6 5. Bg2 Bg7 6. d4 cxd4 7. Nxd4 O-O 8.
Nc2 d6 9. O-O Be6 10. b3 Qd7 11. Bb2 Bh3 12. Ne3 Bxg2 13. Kxg2 Ne4 14. Qc2 Ng5
15. h4 Qh3+ 16. Kg1 Nd4 17. Qd1 Nge6 18. Ncd5 Rae8 19. Ng2 Qg4 20. Re1 f5 21.
Ndf4 Nxf4 22. gxf4 e5 23. Bxd4 exd4 24. Rc1 Re6 25. Qd3 Rfe8 26. Kf1 Bf6 27.
Rc2 Bxh4 28. Qxd4 Qh3 29. Kg1 Bf6 30. Qd5 b6 31. Rd1 Kg7 32. Rd3 Qh6 33. Re3
Rxe3 34. Nxe3 Qh4 35. Qf3 Bd4 36. Ng2 Qf6 37. b4 Re4 38. Qd3 a5 39. e3 Ba1 40.
a3 Qe7 1-0

[Event "23. Aberto Xadrez Albariño"]
[Site "Cambados ESP"]
[Date "2007.08.10"]
[Round "9.8"]
[White "Echarte Buil, Oscar"]
[Black "Rodriguez Lopez, Rafael"]
[Result "0-1"]
[WhiteElo "2136"]
[BlackElo "2292"]
[PlyCount "73"]
[EventDate "2007.08.02"]
[EventType "swiss"]
[EventRounds "9"]
[EventCountry "ESP"]
[Source "lmi"]
[SourceDate "2007.08.02"]

1. f4 Nf6 2. Nf3 g6 3. e3 Bg7 4. Be2 O-O 5. O-O c5 6. d3 d5 7. Qe1 Nc6 8. a4
Re8 9. Ne5 Qc7 10. Nxc6 Qxc6 11. Qg3 Bf5 12. Nd2 Qc7 13. Qh4 Rad8 14. g4 Bc8
15. g5 Nd7 16. e4 Nf8 17. c3 f6 18. Nf3 c4 19. Be3 cxd3 20. Bxd3 dxe4 21. Bxe4
f5 22. Bc2 Be6 23. Qf2 b6 24. Rfd1 Bc4 25. Nd2 Bf7 26. Bb3 Bxb3 27. Nxb3 Rxd1+
28. Rxd1 Qc4 29. Qc2 Qxa4 30. Ra1 Qd7 31. Nd4 e5 32. Qb3+ Kh8 33. Nb5 Qd3 34.
Bf2 exf4 35. Rxa7 Qb1+ 36. Kg2 f3+ 37. Kh3 0-1

[Event "23. Aberto Xadrez Albariño"]
[Site "Cambados ESP"]
[Date "2007.08.10"]
[Round "9.9"]
[White "Casanova Nuñez, Javier"]
[Black "Sanchez Aller, Fernando"]
[Result "0-1"]
[WhiteElo "2152"]
[BlackElo "2260"]
[PlyCount "108"]
[EventDate "2007.08.02"]
[EventType "swiss"]
[EventRounds "9"]
[EventCountry "ESP"]
[Source "lmi"]
[SourceDate "2007.08.02"]

1. e4 e5 2. Nf3 Nc6 3. Bc4 Nf6 4. d3 Bc5 5. O-O d6 6. c3 O-O 7. Re1 a6 8. a4
Ba7 9. Nbd2 Ng4 10. Re2 Kh8 11. h3 Nh6 12. Nf1 f5 13. Be3 f4 14. Bxa7 Rxa7 15.
d4 Qf6 16. dxe5 dxe5 17. N1h2 g5 18. Rd2 g4 19. hxg4 Nxg4 20. Nxg4 Bxg4 21. Be2
Be6 22. Nh2 Rg8 23. Bg4 Bxg4 24. Nxg4 Qg5 25. f3 h5 26. Nh2 Raa8 27. Qf1 Rg7
28. Re1 Rag8 29. Ree2 Nd8 30. Rf2 Ne6 31. Qc4 Qf6 32. Kh1 Ng5 33. Qf1 Nh7 34.
Qd3 Ng5 35. Qf1 Qe7 36. Qd1 Nh7 37. Rd3 Qh4 38. Rfd2 Nf6 39. Rd8 Rxd8 40. Rxd8+
Kh7 41. Rd2 Qg5 42. Qb3 Qh4 43. Qd1 Qg3 44. Nf1 Qg5 45. Qe1 h4 46. Qf2 Nh5 47.
Nh2 Ng3+ 48. Kg1 h3 49. Ng4 Nxe4 50. fxe4 Qxg4 51. g3 fxg3 52. Qf5+ Qxf5 53.
exf5 g2 54. Rd1 Rg5 0-1

[Event "23. Aberto Xadrez Albariño"]
[Site "Cambados ESP"]
[Date "2007.08.10"]
[Round "9.10"]
[White "Berbatov, Kiprian"]
[Black "Sanchez Quiroga, Miguel Angel"]
[Result "0-1"]
[WhiteElo "2096"]
[BlackElo "2198"]
[PlyCount "66"]
[EventDate "2007.08.02"]
[EventType "swiss"]
[EventRounds "9"]
[EventCountry "ESP"]
[Source "lmi"]
[SourceDate "2007.08.02"]

1. e4 c6 2. d4 d5 3. e5 Bf5 4. Nc3 h5 5. Nf3 e6 6. Be3 Nd7 7. Qd2 Bb4 8. Be2
Ne7 9. O-O Qa5 10. Rfb1 b5 11. Ne1 Nb6 12. Nd3 Nc4 13. Qe1 Bxd3 14. cxd3 Nxe3
15. fxe3 Nf5 16. Bf3 Be7 17. a3 Bg5 18. b4 Qb6 19. Nd1 a5 20. Kf2 Be7 21. Qc3
g6 22. Ke2 Kd7 23. Qb2 Ra6 24. bxa5 Rxa5 25. a4 b4 26. Qb3 Rha8 27. Ra2 Qa7 28.
Rba1 Qxd4 29. exd4 Nxd4+ 30. Ke3 Nxb3 31. Rb1 d4+ 32. Kf2 Nc5 33. Ke2 b3 0-1

[Event "23. Aberto Xadrez Albariño"]
[Site "Cambados ESP"]
[Date "2007.08.10"]
[Round "9.11"]
[White "Stanoev, Atanas"]
[Black "Eyo Castro-Rial, Alberto"]
[Result "0-1"]
[WhiteElo "1953"]
[BlackElo "2192"]
[PlyCount "84"]
[EventDate "2007.08.02"]
[EventType "swiss"]
[EventRounds "9"]
[EventCountry "ESP"]
[Source "lmi"]
[SourceDate "2007.08.02"]

1. c4 g6 2. Nc3 Bg7 3. e4 d6 4. g3 Nf6 5. Bg2 O-O 6. Nge2 e5 7. O-O Be6 8. d3
Qd7 9. Bg5 Ng4 10. h3 f6 11. Bd2 Nh6 12. Kh2 Nc6 13. Nd5 Ne7 14. d4 c6 15.
Nxe7+ Qxe7 16. d5 cxd5 17. cxd5 Bd7 18. Rc1 Bb5 19. Re1 f5 20. Nc3 Ba6 21. b4
Bc4 22. a4 f4 23. Nb5 Bxb5 24. axb5 Nf7 25. Qe2 h5 26. Rc3 Bh6 27. Rec1 h4 28.
g4 f3 29. Bxf3 Bxd2 30. Qxd2 Ng5 31. Bg2 Rf4 32. Rc7 Qf6 33. Rc8+ Rxc8 34.
Rxc8+ Kg7 35. Rc7+ Kg8 36. Kg1 Rf3 37. Rxb7 Rxh3 38. Qc2 Ra3 39. Qc8+ Qf8 40.
Qc7 Ra1+ 41. Bf1 Nh3+ 42. Kg2 Qxf2+ 0-1

[Event "23. Aberto Xadrez Albariño"]
[Site "Cambados ESP"]
[Date "2007.08.10"]
[Round "9.12"]
[White "Lopez Agustench, Eduard"]
[Black "Campos Calvo-Sotelo, Javier"]
[Result "1-0"]
[WhiteElo "2299"]
[BlackElo "2145"]
[PlyCount "55"]
[EventDate "2007.08.02"]
[EventType "swiss"]
[EventRounds "9"]
[EventCountry "ESP"]
[Source "lmi"]
[SourceDate "2007.08.02"]

1. d4 Nf6 2. Nf3 e6 3. c4 b6 4. g3 Bb7 5. Bg2 Be7 6. O-O O-O 7. Re1 d6 8. Nc3
Ne4 9. Qc2 Nxc3 10. Qxc3 Be4 11. Bh3 Nd7 12. Nd2 Bb7 13. e4 c5 14. d5 Bf6 15.
Qc2 exd5 16. exd5 Re8 17. Rxe8+ Qxe8 18. Ne4 Be5 19. Bd2 Nf8 20. Re1 Qd8 21.
Bg5 f6 22. Be3 Bc8 23. Bxc8 Rxc8 24. f4 Bd4 25. Bxd4 cxd4 26. Qd3 Qe7 27. Kf2
Re8 28. Nxf6+ 1-0